000 00346 a2200169 4500
001 69686
020 _a8526260359
040 _cAnchieta - Itaigara
100 _aLima, Edy
240 1 0 _aO guarani
_lpor
245 1 0 _aO guarani
300 _a48
362 0 _a2006
440 1 _aScipione
650 4 _aLiteratura infanto-juvenil
942 _cBK
999 _c69686
_d69686